1476 1160 1920 1216 1254 1593 1303 1478 1165 1031 1451 1924 1126 1488 1951 1065 1673 1817 1794 1995 1059 1909 1139 1991 1600 1915 1793 1568 1300 1028 1203 1678 1319 1470 1529 1160 1052 1951 1455 1496 1964 1105 1248 1676 1729 1799 1798 1810 1972 1229 1744 1088 1457 1988 1980 1968 1895 1700 1746 1691 1079 1406 1968 1993 1495 1440 1611 1034 1567 1981 1507 1490 1020 1545 1565 1239 1726 1520 1862 1633 1735 1594 1601 1414 1651 1715 1342 1560 1394 1128 1340 1602 1013 1760 1634 1230 1466 1714 1454 BCNSPRNW ULIB Ver.6.0+V

เปลี่ยนเป็นภาษาไทย

Change to English
 แสดงรายละเอียดบรรณานุกรม
  กลับหน้าหลัก

Brief Record : Get Marc (ISO 2709) : E-mail record : QR code < ปิดหน้าต่าง
LEADER : 00000nam 2200000uu 4500
001    13399115163
003     ULIB
008    120713s2554||||th 000 0 tha d
020    8858710302394
099    นว^bธ657ท
100 0  ธีรศา
245 00 ทรายสวาทห้วงสิเน่หา
260    กรุงเพทฯ:^bMy Love,^c2554
945    ^p265^l0^i18543
999 ^a ใช้งานได้ทุกระบบ
รายการนี้ยังไม่มีแท็ก
คุณยังไม่ได้ล็อกอิน คุณสามารถมีกิจกรรมร่วมกับเว็บไซต์ได้ แต่ต้องล็อกอินก่อน ::
  ล็อกอิน

รายการสื่อสารสนเทศ

ลำดับที่ ประเภท เลขเรียก/บาร์โค้ด สถานที่ สถานะ
1. นวนิยาย
นวนิยาย
นว ธ657ท  
  Barcode: 18543
ห้องสมุดวิทยาเขตสวรรค์ประชารักษ์
►นวนิยาย
บนชั้น
  ขอยืม

BibComment


ยังไม่เคยถูกคอมเมนท์

คอมเมนท์ทรัพยากรรายการนี้
  คอมเมนท์: ทรายสวาทห้วงสิเน่หา


 Copyright 2026. Bcnsprnw @Library